000 003260000a22001450004500
020 _a958-04-1835-7
041 0 _aSPA
082 0 4 _aG 866 A432p
100 1 _aAllende, Isabel (1942-)
245 1 0 _aEl plan infinito / Isabel Allende
260 _aBogotá, Colombia : Norma
300 _a516 Pag
001 11190
942 _cBK
999 _c40556
_d40556